D1 Basketball Colleges in Florida - Statistics

General Stats
  • This quiz has been taken 88 times
  • The average score is 10 of 13
Answer Stats
Hint Answer % Correct
SEC Florida
99%
ACC Florida State
97%
ACC Miami
96%
Big 12 UCF
89%
AAC FAU
83%
AAC South Florida
81%
CUSA FIU
78%
SWAC Florida A&M
71%
ASUN Jacksonville
71%
ASUN FGCU
60%
ASUN North Florida
60%
ASUN Stetson
58%
SWAC Bethune Cookman
43%
No matching quizzes found
Score Distribution
Percent of People with Each Score
Percentile by Number Answered
Your Score History
You have not taken this quiz